De lo rural a lo urbano: Chile en el siglo XVIII.

Guardat en:
Dades bibliogràfiques
Autor principal: Lorenzo Schiaffino, Santiago (autor)
Format: Llibre
Publicat: Valparaíso, Chile: Ediciones Universitarias de Valparaíso, 2014.
Edició:1a. ed
Matèries:
Etiquetes: Afegir etiqueta
Sense etiquetes, Sigues el primer a etiquetar aquest registre!

MARC

LEADER 00000cam a2200000 a 4500
001 UCE5506
003 CL-VaPUC
005 20250102145725.0
008 221005t2014 ||||| |||| 00| 0 eng d
999 |c 358221  |d 358219 
020 |a 978-956-17-0614-9 
040 |c Pontificia Universidad Católica de Valparaíso 
082 0 4 |a 307.76 LOR 2014  |2 21 
100 |a Lorenzo Schiaffino, Santiago  |e autor  |9 744694 
245 1 0 |a De lo rural a lo urbano: Chile en el siglo XVIII. 
250 |a 1a. ed 
260 |a Valparaíso, Chile:  |b Ediciones Universitarias de Valparaíso,  |c 2014. 
300 |a 207 páginas. 
500 |a c.4. Donación Rector saliente Claudio Elortegui, Julio 2022. Sin memo. Ingresado Octubre 2022. 
583 |a last modification  |c 20150622 04:01:06  |k Rodrigo Vera 
650 0 |a Sociología urbana  |9 268099 
650 0 |a Zonas urbanas  |9 337776 
650 0 |a Desarrollo urbano  |2 CL-VaPUC  |9 267493 
650 0 |a Sociedad post-industrial  |9 380301 
651 0 |a Santiago  |9 265444 
942 |c BK  |2 ddc 
945 |d 20150115 11:28:00  |a arojas 
952 |0 0  |1 0  |3 erb  |4 0  |6 307_760000000000000_LOR_2014  |7 0  |8 X  |9 466805  |a FDOBUD  |b FDOBUD  |i 5135613  |o 307.76 LOR 2014  |p 5135613  |r 2019-11-23  |w 2019-11-23  |y BK_X  |z Catalogado en:20150115  |k BUD 
952 |0 0  |1 0  |3 erb  |4 0  |6 307_760000000000000_LOR_2014  |7 0  |8 A  |9 466806  |a BIBARQ  |b BIBARQ  |i 516379K  |o 307.76 LOR 2014  |p 516379K  |r 2025-01-20  |w 2019-11-23  |y BK  |z Catalogado en:20150605  |k ARQ 
952 |0 0  |1 0  |3 erb  |4 0  |6 307_760000000000000_LOR_2014  |7 0  |8 A  |9 466807  |a BIBHIS  |b BIBHIS  |i 5354153  |l 1  |o 307.76 LOR 2014  |p 5354153  |r 2025-01-20  |s 2024-01-19  |w 2019-11-23  |y BK  |z Catalogado en:20161201  |k HIS 
952 |0 0  |1 0  |2 ddc  |4 0  |6 307_760000000000000_LOR_2014  |7 0  |8 A  |9 587069  |a BIBHIS  |b BIBHIS  |c GEN  |d 2022-10-05  |e Donación  |i 5655009  |o 307.76 LOR 2014  |p 5655009  |r 2025-01-20  |t 4  |w 2022-10-05  |y BK  |k HIS